Números romanos - Statistics

Estatísticas Gerais
  • Esse quiz foi jogado 341 vezes
  • A pontuação média é 9 de 10
Estatísticas das Respostas
número resposta % Correto
I 1
100%
X 10
98%
III 3
98%
XX 20
97%
IV 4
97%
MM 2000
94%
CV 105
91%
MMMC 3100
88%
D 500
84%
MMMCMXCIX 3999
75%
Nenhum quiz correspondente encontrado
Distribuição das Pontuações
Porcentagem de Pessoas com Cada Pontuação
Percentil de Números Respondidos
Sua Pontuação Histórica
Você não jogou esse quiz